000 00655nam a22002177a 4500
003 BD-DhJNU
005 20250320070650.0
008 250320b |||||||| |||| 00| 0 eng d
020 _a0074631667
040 _aBD-DhJNU
_bENG
_cBD-DhJNU
_dBD-DhJNU
082 _223
_a155.4 HUC
100 _aHurlock, Elizabeth B
245 _aChild development /
_cElizabeth B. Hurlock
250 _a6th ed
260 _aNew Delhi :
_bTata McGraw-Hill Publishing,
_c2006.
300 _axiv, 570p. :
_bill. ;
_c24 cm.
504 _aIncludes bibliographical references and an index
650 _aChild psychology
650 _aPsychophysiology
942 _2ddc
_cBK
_n0
999 _c1524
_d1524